| 000 | 00583cam a2200229 4500 | ||
|---|---|---|---|
| 008 | 090401t1972 xxu||||| |||| 00| 0 eng d | ||
| 020 | _a011721552X | ||
| 035 | _a(Sirsi) u25464 | ||
| 041 | _aeng | ||
| 050 | _a690 | ||
| 110 |
_aBuilding Research Station _9203 |
||
| 245 | _aDouble glazing and double windows | ||
| 260 |
_aLondon _bHMSO _c1972 |
||
| 300 | _a8p. : ill. ; 30cm. | ||
| 350 | _a0 | ||
| 490 |
_aBRE Digest _v140 |
||
| 650 | _aDOUBLE GLAZING | ||
| 650 | _aDOUBLE WINDOWS | ||
| 690 | _aBUILT ENVIRONMENT-BUILDING MATERIALS | ||
| 942 | _n0 | ||
| 948 | _c04/03/1997 | ||
| 999 |
_c88744 _d88744 |
||